000 00712nam a22002417a 4500
005 20230419145455.0
008 230419b ||||| |||| 00| 0 eng d
020 _a9780195691580
040 _cAL
041 _aEnglish
082 _223
_a305.550954
_bFERI
100 _aLeela Fernandes
_990596
245 _aIndias New Middle Class : Democratic Politics in an Era of Economic Reform
260 _aNew Delhi
_bOxford University Press
_c2007
300 _a289 p.
_bHB
_c24x16 cm.
365 _c
_d₹575.00
650 _aMiddle class
_990597
650 _aEconomic history
_990598
650 _aIndia
_990599
650 _aSocial change
_990600
700 _aFERNANDES (Leela)
_990601
942 _2ddc
_cGF
999 _c227210
_d227210